| 000 | 00669nam a22002177a 4500 | ||
|---|---|---|---|
| 999 |
_c1567 _d1567 |
||
| 001 | 19105 | ||
| 003 | BD-DhUAP | ||
| 005 | 20200210120329.0 | ||
| 008 | 200210s2015 bg ||||| b||| 00| 0 eng d | ||
| 020 | _a9789843392473 | ||
| 040 |
_aBD-DhUAP _bEng _cBD-DhUAP _dBD-DhUAP |
||
| 082 |
_223 _a346.015 HAQ |
||
| 100 | _aHaque, Muhammad Ekramul. | ||
| 245 |
_aMuslim family law : _bSharia and modern world / _cMuhammad Ekramul Haque. |
||
| 260 |
_aDhaka : _bLondon college of legal studies, _cc2015. |
||
| 300 |
_a799 pages ; _c22 cm. |
||
| 504 | _aIncludes bibliographies. | ||
| 650 | _aDomestic relations | ||
| 650 | _aDomestic relations (Islamic law). | ||
| 942 |
_2ddc _cBK |
||